=LDR 00000nam 2200000 4500 =001 NUTBA000000000002350 =005 20251231114134 =035 ##$$a 0010-061400000000293 =008 251231###########################0#ind## =020 ##$$a 978-979-24-4040-9 =040 ##$$a NBPDMAT =082 ##$$a 028.5 =090 ##$$a 028.5 $b Set m =100 ##$$a Setiawan, A. =245 1#$$a Menggapai bahagia berkat mie dan bihun /$c A.Setiawan ; editor, R.Sunnava =260 ##$$a Jakarta :$b Sahala Adiyatama,$c 2012 =300 ##$$a 52 hlm. : $b ilus. ; $c 25 cm. =500 ##$$a Bibliografi : hlm. 52 =650 #4$$a Bacaan kanak-Kanak =700 #$$a R.Sunnara =850 ##$$a NBPDMAT =084 ##$$a 028.5 SET m =990 ##$$a 21402447 =990 ##$$a 21402448 =990 ##$$a 21402449 =990 ##$$a 21402450 =990 ##$$a 21402451 =990 ##$$a 21402451 =990 ##$$a 21402447 =990 ##$$a 21402448 =990 ##$$a 21402449 =990 ##$$a 21402450